000 00303nam a22001337a 4500
082 _a894.812.3
_bTOL/E
100 _aTOLSTOY
245 _aIVAN ILIYICHINTE MARANAM
250 _aFIRST
260 _aKOTTAYM
_bSAHITHYA PRAVARTHAKA C.S LTD.
_c1958
300 _a104
650 _aSTORY
_zKERALA
942 _cBK
999 _c1452
_d1452